000 00335 a2200157 4500
001 13592
020 _a9788575037317
040 _cAnchieta - Aquarius
100 _aAntonio, Luiz
240 1 0 _aMinhas contas
_lpor
245 1 0 _aMinhas contas
300 _a
362 0 _a2008
650 4 _aLiteratura infanto-juvenil
942 _cBK
999 _c13592
_d13592